Hunger 1993 : uprooted people : Third annual report on the state of World Hunger

保存先:
書誌詳細
フォーマット: 図書
言語:Undetermined
出版事項: Washington, DC Bread for the World Institute on Hunger & Development
主題:
タグ: タグ追加
タグなし, このレコードへの初めてのタグを付けませんか!
Thư viện lưu trữ: Trung tâm Học liệu Trường Đại học Cần Thơ
LEADER 00639nam a2200181Ia 4500
001 CTU_123080
008 210402s9999 xx 000 0 und d
082 |a 363.8 
082 |b H936 
245 0 |a Hunger 1993 : 
245 0 |b uprooted people : Third annual report on the state of World Hunger 
245 0 |c Bread for the World (Organization). Institute on Hunger & Development 
260 |a Washington, DC 
260 |b Bread for the World Institute on Hunger & Development 
650 |a Food supply,Agricultural assistance 
650 |x Developing countries 
904 |i H.Mai 
980 |a Trung tâm Học liệu Trường Đại học Cần Thơ